000 00535nam a22001937a 4500
003 OSt
005 20180116183044.0
008 160318b xxu||||| |||| 00| 0 eng d
020 _a9789699330568
040 _cC A PAKISTAN
082 _a657 CA 2013
100 _aICAP
110 _aC A PAKISTAN
245 _aFinancial Accounting and Reporting II
_bQuestion Bank (CAF- 07)
_cC A PAKISTAN
260 _aPAKISTAN
_bC A PAKISTAN
_c2013
300 _a238 p.
_bPB
440 _aFinancial Accounting and Reporting II
942 _2ddc
_cBK
999 _c351346
_d351346